[Event "Glenco Chess Kandidat 2014"]
[Site "Fredericia"]
[Date "2014.05.23"]
[Round "1"]
[White "Andersen, Lars Ren"]
[Black "Vestergaard, Thomas Hauge"]
[Result "1-0"]
[WhiteElo "2123"]
[BlackElo "1903"]
[PlyCount "101"]
[EventDate "2014.??.??"]



1. d4 e6 2. e4 c5 3. d5 exd5 4. exd5 d6 5. c4 Nf6 6. Nf3 Be7 7. Bd3 O-O 8. Nc3
Bg4 9. h3 Bh5 10. O-O Nbd7 11. g4 Bg6 12. Bxg6 hxg6 13. Bf4 Re8 14. Re1 a6 15.
Qd3 Qc7 16. Re3 Bf8 17. Rae1 Rxe3 18. fxe3 Re8 19. e4 Ne5 20. Bxe5 dxe5 21. Ng5
Qd7 22. Qg3 Nh7 23. Nxh7 Kxh7 24. a4 Bd6 25. Rf1 Rf8 26. Rf3 f6 27. b3 Kg8 28.
Kg2 f5 29. gxf5 gxf5 30. Rxf5 Rxf5 31. exf5 Qxf5 32. Qg4 g6 33. Ne4 Bf8 34. a5
Kf7 35. Ng5+ Ke8 36. Qxf5 gxf5 37. Ne6 Bd6 38. Ng7+ Kf7 39. Nxf5 Bc7 40. Kf3
Kf6 41. Ng3 Bxa5 42. Ne4+ Kf5 43. Nxc5 e4+ 44. Nxe4 Bb4 45. Ke3 b5 46. Kd4 bxc4
47. Kxc4 a5 48. Nc5 Be1 49. Kb5 Kf6 50. Kc6 Ke7 51. d6+ 1-0

[Event "Glenco Chess Kandidat 2014"]
[Site "Fredericia"]
[Date "2014.05.23"]
[Round "1"]
[White "Rendboe, John Filip"]
[Black "Sorensen, Lars Desmond"]
[Result "1-0"]
[WhiteElo "2171"]
[BlackElo "2042"]
[PlyCount "79"]
[EventDate "2014.??.??"]



1. d4 Nf6 2. c4 e6 3. Nc3 d5 4. cxd5 exd5 5. Bg5 Be7 6. Qc2 c6 7. e3 Nbd7 8.
Bd3 O-O 9. Nge2 Re8 10. O-O Nf8 11. Ng3 Ng4 12. Bxe7 Qxe7 13. h3 Nh6 14. Rab1
Be6 15. b4 a6 16. a4 Kh8 17. b5 axb5 18. axb5 c5 19. dxc5 Qxc5 20. Nce2 Qd6 21.
Nd4 Rec8 22. Qd2 Ra3 23. Rfc1 Rca8 24. Be2 Ng6 25. b6 Ra2 26. Qc3 Rc8 27. Qb3
Raa8 28. Rc7 Rcb8 29. Qb4 Qe5 30. Nf3 Qf6 31. Qd4 Qd8 32. Bd3 Ra3 33. Nh5 Qf8
34. g4 Rxd3 35. Qxd3 Nxg4 36. hxg4 Bxg4 37. Ng5 Rd8 38. Nxf7+ Kg8 39. Nxd8 Qxd8
40. Rxg7+ 1-0

[Event "Glenco Chess Kandidat 2014"]
[Site "Fredericia"]
[Date "2014.05.23"]
[Round "1"]
[White "Kovshoj, Sune"]
[Black "Christensen, Esben"]
[Result "0-1"]
[WhiteElo "2015"]
[BlackElo "2034"]
[PlyCount "56"]
[EventDate "2014.??.??"]



1. e4 c5 2. Nf3 e6 3. d4 cxd4 4. Nxd4 Nf6 5. Nc3 d6 6. h3 a6 7. g4 Qc7 8. Bg2
Nc6 9. O-O Be7 10. Be3 O-O 11. f4 Nxd4 12. Bxd4 e5 13. Be3 exf4 14. Rxf4 Be6
15. Rf2 Nd7 16. Nd5 Bxd5 17. exd5 Bf6 18. c3 Rfe8 19. Bd4 Re7 20. Bxf6 Nxf6 21.
Qd4 Rae8 22. Raf1 Re1 23. Rxe1 Rxe1+ 24. Rf1 Qe7 25. Qf2 Re2 26. Qb6 h5 27. g5
Nxd5 28. Bxd5 Qxg5+ 0-1

[Event "Glenco Chess Kandidat 2014"]
[Site "Fredericia"]
[Date "2014.05.23"]
[Round "1"]
[White "Veng, Johnni"]
[Black "Vovk, Oksana"]
[Result "1-0"]
[WhiteElo "2206"]
[BlackElo "2059"]
[PlyCount "75"]
[EventDate "2014.??.??"]



1. Nf3 d5 2. d4 c5 3. g3 cxd4 4. Bg2 g6 5. O-O Bg7 6. Nxd4 e5 7. Nb3 Ne7 8. c4
d4 9. e3 Nbc6 10. exd4 exd4 11. Re1 O-O 12. Na3 Re8 13. Bf4 a6 14. Qd2 Bf5 15.
c5 Be6 16. Rac1 Nd5 17. Bg5 f6 18. Bf4 Nxf4 19. Qxf4 f5 20. Nd2 Ne5 21. Rxe5 g5
22. Qf3 Bxe5 23. Qxb7 Rb8 24. Qxa6 Rxb2 25. Nac4 Bxc4 26. Nxc4 Rb8 27. Nxe5
Rxe5 28. c6 Qc7 29. Qc4+ Kf8 30. Qxd4 Rd8 31. Qc3 Kf7 32. h3 Kg6 33. Qc4 Re7
34. h4 h6 35. Bf3 Qe5 36. c7 Rc8 37. Qa6+ Qe6 38. Rc6 1-0

[Event "Glenco Chess Kandidat 2014"]
[Site "Fredericia"]
[Date "2014.05.23"]
[Round "1"]
[White "Topholm, Morten"]
[Black "Nielsen, Henning"]
[Result "0-1"]
[WhiteElo "2143"]
[BlackElo "2024"]
[PlyCount "150"]
[EventDate "2014.??.??"]



1. e4 e5 2. Bc4 Nf6 3. d3 c6 4. Bb3 d5 5. Nf3 dxe4 6. Ng5 Be6 7. Bxe6 fxe6 8.
Nxe4 Nxe4 9. dxe4 Qxd1+ 10. Kxd1 Bc5 11. f3 Nd7 12. c3 a5 13. a4 h6 14. Ke2 Ke7
15. Na3 Bd6 16. Be3 Rhb8 17. Rhd1 b5 18. axb5 cxb5 19. Rd2 Rb7 20. Nc2 Ra6 21.
g4 Nc5 22. Bxc5 Bxc5 23. Nb4 Bxb4 24. cxb4 a4 25. Rc1 a3 26. bxa3 Rxa3 27. Rb2
Rd7 28. Rc5 Rdd3 29. Rxb5 Re3+ 30. Kd2 Rxf3 31. Kc2 Rf2+ 32. Kb1 Rf1+ 33. Kc2
Rh3 34. Rb7+ Kf6 35. b5 Rxh2+ 36. Kb3 Rf3+ 37. Ka2 Rxb2+ 38. Kxb2 Re3 39. g5+
hxg5 40. b6 Rxe4 41. Kc3 Rd4 42. Rc7 Rd6 43. b7 Rb6 44. Kd3 g6 45. Ke3 g4 46.
Kf2 Kg5 47. Rf7 Rb3 48. Kg2 e4 49. Rc7 e5 50. Re7 Kf6 51. Rc7 e3 52. Rc3 Rxb7
53. Rxe3 Kf5 54. Kg3 Rd7 55. Ra3 Rd5 56. Ra8 Rd3+ 57. Kg2 Kg5 58. Re8 Re3 59.
Kf2 Re4 60. Kg3 Re3+ 61. Kf2 Kf4 62. Ra8 g3+ 63. Kf1 e4 64. Rf8+ Kg4 65. Re8
Rf3+ 66. Kg2 Rf4 67. Re6 g5 68. Re8 Rf2+ 69. Kg1 Re2 70. Kf1 Kf3 71. Rf8+ Ke3
72. Ra8 g2+ 73. Kg1 Kf3 74. Ra1 Rf2 75. Ra3+ e3 0-1

[Event "Glenco Chess Kandidat 2014"]
[Site "Fredericia"]
[Date "2014.05.24"]
[Round "2"]
[White "Rendboe, John Filip"]
[Black "Andersen, Lars Ren"]
[Result "1-0"]
[WhiteElo "2171"]
[BlackElo "2123"]
[PlyCount "81"]
[EventDate "2014.??.??"]



1. c4 e5 2. Nc3 Nf6 3. g3 d5 4. cxd5 Nxd5 5. Bg2 Nb6 6. Nf3 Nc6 7. O-O Be7 8.
d3 O-O 9. Be3 Be6 10. Na4 f6 11. Nc5 Bxc5 12. Bxc5 Rf7 13. Qc1 Rd7 14. b4 a5
15. a3 Na4 16. Rb1 Rb8 17. bxa5 Nxa5 18. Ba7 Ra8 19. Be3 c6 20. Nd2 Qe7 21. Rb4
b5 22. Ne4 Rb8 23. Nc5 Nxc5 24. Bxc5 Qf7 25. f4 exf4 26. Qxf4 Rc8 27. a4 Nb7
28. Bf2 bxa4 29. Rxa4 Nd6 30. Rc1 Bd5 31. e4 Bb3 32. Ra6 g5 33. Qe3 Rdc7 34. e5
Nf5 35. Qc5 Bd5 36. exf6 Bxg2 37. Qxf5 Bd5 38. Qxg5+ Kh8 39. Bd4 Rg8 40. Qf4
Re8 41. Qxc7 1-0

[Event "Glenco Chess Kandidat 2014"]
[Site "Fredericia"]
[Date "2014.05.24"]
[Round "2"]
[White "Christensen, Esben"]
[Black "Veng, Johnni"]
[Result "0-1"]
[WhiteElo "2034"]
[BlackElo "2206"]
[PlyCount "116"]
[EventDate "2014.??.??"]



1. e4 Nf6 2. Nc3 e5 3. Nf3 d6 4. d4 Nbd7 5. dxe5 dxe5 6. Bc4 Be7 7. Bxf7+ Kxf7
8. Ng5+ Kg8 9. Ne6 Qe8 10. Nxc7 Qg6 11. Nxa8 Qxg2 12. Rf1 Nc5 13. Qe2 Bh3 14.
f3 Qxe2+ 15. Kxe2 Bxf1+ 16. Kxf1 Ne6 17. Nb5 Kf7 18. Nac7 Nxc7 19. Nxc7 Rc8 20.
Nb5 Rxc2 21. Na3 Bxa3 22. bxa3 Rxh2 23. Be3 Nd7 24. Bf2 Rh1+ 25. Bg1 Rh6 26.
Rb1 b6 27. Rc1 Ke7 28. Rc7 a5 29. a4 Kd8 30. Rc2 Rd6 31. Ke2 g5 32. Be3 h6 33.
Rc3 Nf6 34. Rc1 Nd7 35. Rc3 Rg6 36. Rc1 Ke7 37. Rc7 Kd8 38. Rc1 Ke7 39. Rc7 Kd6
40. Rc1 Re6 41. Rc8 Rg6 42. Rc1 h5 43. Rh1 h4 44. Rg1 Nc5 45. Bxg5 Ne6 46. Be3
Rxg1 47. Bxg1 Nc5 48. Ke3 Nxa4 49. f4 exf4+ 50. Kxf4 b5 51. Bd4 b4 52. Be5+ Kc6
53. Bf6 h3 54. Kg3 Nc3 55. Bd8 Nxa2 56. Kxh3 a4 57. Kg4 a3 58. Kf5 Kd7 0-1

[Event "Glenco Chess Kandidat 2014"]
[Site "Fredericia"]
[Date "2014.05.24"]
[Round "2"]
[White "Vestergaard, Thomas Hauge"]
[Black "Nielsen, Henning"]
[Result "1-0"]
[WhiteElo "1903"]
[BlackElo "2024"]
[PlyCount "85"]
[EventDate "2014.??.??"]



1. e4 e5 2. Nf3 Nc6 3. Bc4 Nf6 4. Ng5 d5 5. exd5 Na5 6. Bb5+ c6 7. dxc6 bxc6 8.
Qf3 Rb8 9. Be2 Be7 10. Nc3 O-O 11. d3 c5 12. O-O Qc7 13. Qg3 Nc6 14. Nge4 Nd4
15. Nxf6+ Bxf6 16. Bd1 Be6 17. Ne4 Be7 18. c3 Nf5 19. Qf3 Rb6 20. Re1 Nh4 21.
Qh5 g6 22. Qe2 Bd5 23. Bb3 Bxb3 24. axb3 Rxb3 25. Ng3 Bf6 26. Ne4 Bg7 27. Qe3
Rc8 28. Qg5 Nf5 29. Nf6+ Kh8 30. Nh5 h6 31. Qg4 Bf8 32. Ng3 Ne7 33. Qc4 Rb7 34.
Qxf7 Bg7 35. Ne4 Qc6 36. Qc4 Bf8 37. Ra6 Qc7 38. Nd6 Nc6 39. Nxc8 Qxc8 40. d4
exd4 41. cxd4 Rb4 42. Qf7 Rb8 43. Qf6+ 1-0

[Event "Glenco Chess Kandidat 2014"]
[Site "Fredericia"]
[Date "2014.05.24"]
[Round "2"]
[White "Sorensen, Lars Desmond"]
[Black "Kovshoj, Sune"]
[Result "1-0"]
[WhiteElo "2042"]
[BlackElo "2015"]
[PlyCount "43"]
[EventDate "2014.??.??"]



1. d4 Nf6 2. Nf3 e6 3. c4 b6 4. g3 Bb7 5. Bg2 Be7 6. Nc3 O-O 7. O-O d5 8. Qa4
c5 9. cxd5 Nxd5 10. Nxd5 Bxd5 11. Bf4 Bc6 12. Qc2 Na6 13. dxc5 Bxc5 14. Ng5 g6
15. Bxc6 Nb4 16. Qe4 Rc8 17. Bb7 e5 18. Rad1 Qe7 19. Bc1 Rc7 20. Bd5 Kh8 21.
Nxf7+ Rxf7 22. Bxf7 1-0

[Event "Glenco Chess Kandidat 2014"]
[Site "Fredericia"]
[Date "2014.05.24"]
[Round "2"]
[White "Vovk, Oksana"]
[Black "Topholm, Morten"]
[Result "1/2-1/2"]
[WhiteElo "2059"]
[BlackElo "2143"]
[PlyCount "65"]
[EventDate "2014.??.??"]



1. d4 e6 2. c4 f5 3. Nf3 Nf6 4. Nc3 Bb4 5. Bd2 b6 6. g3 Bb7 7. Bg2 a5 8. O-O
O-O 9. Rc1 Ne4 10. Nxe4 Bxe4 11. Bf4 Be7 12. Qd2 Na6 13. Rfd1 Qe8 14. d5 Bb4
15. Qd4 Bc5 16. Qc3 Bb4 17. Qd4 Bc5 18. Qc3 h6 19. dxe6 dxe6 20. a3 Kh7 21. Be5
Qe7 22. Nd4 Bxg2 23. Kxg2 Bxd4 24. Rxd4 a4 25. Rcd1 Nc5 26. Qf3 Rac8 27. h4 g6
28. Qc6 Rf7 29. Bd6 Qe8 30. Qxe8 Rxe8 31. Be5 g5 32. h5 Kg8 33. Kf3 1/2-1/2

[Event "Glenco Chess Kandidat 2014"]
[Site "Fredericia"]
[Date "2014.05.24"]
[Round "3"]
[White "Veng, Johnni"]
[Black "Rendboe, John Filip"]
[Result "1/2-1/2"]
[WhiteElo "2206"]
[BlackElo "2171"]
[PlyCount "61"]
[EventDate "2014.??.??"]



1. d4 d5 2. c4 c6 3. Nf3 Nf6 4. Nc3 g6 5. Bg5 Bg7 6. e3 O-O 7. Qb3 e6 8. Be2
Nbd7 9. O-O Qe7 10. Ne5 h6 11. Bh4 g5 12. Bg3 Ne4 13. Nxe4 dxe4 14. Nxd7 Qxd7
15. Rfd1 Rd8 16. Qa3 b6 17. c5 Bb7 18. Qb4 b5 19. Qa5 Re8 20. b4 a6 21. Rac1
Bf6 22. Qc7 Qxc7 23. Bxc7 Rec8 24. Bb6 Re8 25. f3 exf3 26. Bxf3 Rac8 27. Rf1
Bg7 28. Rfd1 Re7 29. g4 Rd7 30. Be4 Rf8 31. Bc2 1/2-1/2

[Event "Glenco Chess Kandidat 2014"]
[Site "Fredericia"]
[Date "2014.05.24"]
[Round "3"]
[White "Christensen, Esben"]
[Black "Andersen, Lars Ren"]
[Result "1-0"]
[WhiteElo "2034"]
[BlackElo "2123"]
[PlyCount "147"]
[EventDate "2014.??.??"]



1. e4 c5 2. Nf3 d6 3. d4 cxd4 4. Nxd4 Nf6 5. Nc3 a6 6. Bg5 e6 7. f4 Be7 8. Qf3
Qc7 9. O-O-O Nbd7 10. g4 h6 11. Bxf6 Bxf6 12. h4 g5 13. hxg5 hxg5 14. Rxh8+
Bxh8 15. fxg5 Qc5 16. Qe3 Ne5 17. Be2 Ng6 18. Qd2 Be5 19. Na4 Qc7 20. Qb4 Bd7
21. Nb6 Rd8 22. Nc4 Bf4+ 23. Kb1 b5 24. Nd2 Bxg5 25. N2f3 Be7 26. Qd2 Rc8 27.
Bd3 Bf6 28. Qh2 Ke7 29. g5 Bg7 30. Qh7 Be5 31. Nxe5 dxe5 32. Nf3 Qd8 33. Rh1
Qg8 34. Qxg8 Rxg8 35. a4 bxa4 36. Bxa6 Rb8 37. Ka2 Bc6 38. Bd3 Kd6 39. Rd1 Rh8
40. Bb5+ Kc5 41. Bxc6 Kxc6 42. Rd3 Rh1 43. Rc3+ Kb6 44. b3 axb3+ 45. Rxb3+ Kc6
46. Rc3+ Kd6 47. Ra3 Rf1 48. Kb2 Rf2 49. Rd3+ Kc5 50. Rc3+ Kd6 51. Rd3+ Ke7 52.
Re3 Rg2 53. Kb3 Rg3 54. Rc3 Rg4 55. Re3 Kd6 56. Rd3+ Kc6 57. Rc3+ Kb6 58. Re3
Rg3 59. Kb4 Nh4 60. Nxe5 Rxg5 61. Nxf7 Rg2 62. Kc3 Kc5 63. Ne5 Rg5 64. Nd3+ Kd6
65. Rh3 Ng6 66. Kd4 Rg4 67. c4 e5+ 68. Ke3 Rg1 69. Rh6 Kc7 70. Kd2 Rg3 71. c5
Kd7 72. Rxg6 Rh3 73. Nxe5+ Kc7 74. Nd3 1-0

[Event "Glenco Chess Kandidat 2014"]
[Site "Fredericia"]
[Date "2014.05.24"]
[Round "3"]
[White "Nielsen, Henning"]
[Black "Sorensen, Lars Desmond"]
[Result "1-0"]
[WhiteElo "2024"]
[BlackElo "2042"]
[PlyCount "119"]
[EventDate "2014.??.??"]



1. e4 e5 2. Nf3 Nc6 3. Bc4 Bc5 4. b4 Bxb4 5. c3 Ba5 6. d4 exd4 7. O-O d6 8. Qb3
Qf6 9. cxd4 Bb6 10. e5 dxe5 11. dxe5 Qg6 12. Ba3 Be6 13. Nbd2 O-O-O 14. Rab1
Bxc4 15. Nxc4 Rd3 16. Qc2 Rd7 17. Qa4 Nh6 18. Rfc1 Rhd8 19. Rxb6 cxb6 20. Bd6
Rxd6 21. exd6 Kb8 22. d7 Qg4 23. Qc2 Qxd7 24. Ne3 f5 25. Rd1 Qe8 26. Nd5 Qe4
27. Qd2 Nb4 28. Qg5 Nf7 29. Qxg7 Nxd5 30. Qxf7 Qc2 31. Re1 a5 32. g3 Nb4 33.
Qf6 Nc6 34. Ne5 Rc8 35. Nd7+ Ka7 36. Qe6 Qd2 37. Rb1 Rc7 38. Nxb6 Nb4 39. Nc8+
Kb8 40. Nd6 Rc1+ 41. Rxc1 Qxc1+ 42. Kg2 Qc6+ 43. Kh3 Nd3 44. Qg8+ Kc7 45. Ne8+
Kb6 46. Qb3+ Nb4 47. Qe3+ Ka6 48. Ng7 Qd7 49. Qe2+ Ka7 50. Ne6 b6 51. a3 Nd5
52. Qe5 f4 53. g4 Kb7 54. Qe4 h5 55. g5 Ka7 56. Qe5 Qb5 57. Kh4 f3 58. Kxh5 Qd7
59. Kh6 Ka6 60. Qxd5 1-0

[Event "Glenco Chess Kandidat 2014"]
[Site "Fredericia"]
[Date "2014.05.24"]
[Round "3"]
[White "Vovk, Oksana"]
[Black "Vestergaard, Thomas Hauge"]
[Result "1-0"]
[WhiteElo "2059"]
[BlackElo "1903"]
[PlyCount "53"]
[EventDate "2014.??.??"]



1. d4 e6 2. c4 b6 3. Nf3 Bb7 4. Nc3 Bb4 5. Bd2 f5 6. g3 Nf6 7. Bg2 O-O 8. O-O
Bxc3 9. Bxc3 Ne4 10. Rc1 d6 11. b4 Nd7 12. Bb2 Qe8 13. Nd2 Ndf6 14. Nxe4 Nxe4
15. Qd3 Qh5 16. d5 e5 17. Bxe4 fxe4 18. Qxe4 Rf6 19. f4 Rh6 20. Rf2 Re8 21.
fxe5 dxe5 22. Qf5 c6 23. e4 Bc8 24. Qxh5 Rxh5 25. dxc6 Be6 26. Rd1 Bxc4 27. c7
1-0

[Event "Glenco Chess Kandidat 2014"]
[Site "Fredericia"]
[Date "2014.05.24"]
[Round "3"]
[White "Kovshoj, Sune"]
[Black "Topholm, Morten"]
[Result "1-0"]
[WhiteElo "2015"]
[BlackElo "2143"]
[PlyCount "67"]
[EventDate "2014.??.??"]



1. e4 e6 2. d4 d5 3. Nd2 Nf6 4. Bd3 c5 5. Ngf3 Nc6 6. dxc5 Bxc5 7. O-O dxe4 8.
Nxe4 Nxe4 9. Bxe4 Qxd1 10. Rxd1 Bd7 11. Ng5 Rd8 12. Nxh7 Ne5 13. Ng5 Ke7 14.
Bf4 Ng4 15. Bg3 f6 16. Nf3 f5 17. Bxb7 f4 18. Bxf4 Bxf2+ 19. Kh1 Bc5 20. Bg3
Rb8 21. Be4 Rxb2 22. Ne5 Nxe5 23. Bxe5 Rb4 24. Bf3 Rf8 25. Rab1 Rxb1 26. Rxb1
g5 27. h3 Bb6 28. c4 Rc8 29. Rc1 Bb5 30. Be2 Bc6 31. c5 Bxc5 32. Ba6 Be3 33.
Rc3 Bd2 34. Bxc8 1-0

[Event "Glenco Chess Kandidat 2014"]
[Site "Fredericia"]
[Date "2014.05.25"]
[Round "4"]
[White "Christensen, Esben"]
[Black "Rendboe, John Filip"]
[Result "1/2-1/2"]
[WhiteElo "2034"]
[BlackElo "2171"]
[PlyCount "99"]
[EventDate "2014.??.??"]



1. e4 c5 2. Nf3 Nc6 3. d4 cxd4 4. Nxd4 e5 5. Nb5 Nf6 6. N1c3 d6 7. a4 a6 8. Na3
Bg4 9. Qd2 Be7 10. Bc4 O-O 11. O-O Rc8 12. b3 Nd4 13. f3 Be6 14. Rd1 d5 15.
Nxd5 Nxd5 16. exd5 Bxd5 17. Bxd5 Qxd5 18. Bb2 Qc5 19. Kh1 Rfd8 20. Qe3 Bf6 21.
Rd2 h6 22. Qe4 b5 23. axb5 axb5 24. Rad1 Bg5 25. f4 f5 26. Bxd4 Rxd4 27. Qxf5
Rxf4 28. Qe6+ Kh8 29. Rd5 Qf8 30. Rg1 Re8 31. Qc6 Rf6 32. Qxb5 Be3 33. Re1 Rb8
34. Qd3 Bf2 35. Ra1 Bd4 36. c3 Bxc3 37. Rd1 Bd4 38. Nb5 Qf7 39. Qc4 Rf8 40. h3
Qh5 41. R1xd4 Rf3 42. Rh4 Rf1+ 43. Kh2 Qf5 44. Qe4 Qf2 45. Rxe5 Qg1+ 46. Kg3
Qf2+ 47. Kh2 Qg1+ 48. Kg3 Qf2+ 49. Kh2 Qg1+ 50. Kg3 1/2-1/2

[Event "Glenco Chess Kandidat 2014"]
[Site "Fredericia"]
[Date "2014.05.25"]
[Round "4"]
[White "Nielsen, Henning"]
[Black "Veng, Johnni"]
[Result "0-1"]
[WhiteElo "2024"]
[BlackElo "2206"]
[PlyCount "42"]
[EventDate "2014.??.??"]



1. e4 c5 2. Nf3 Nc6 3. d4 cxd4 4. Nxd4 g6 5. Nc3 Bg7 6. Be3 Nf6 7. Bc4 O-O 8.
f3 Qb6 9. Qd2 Nxe4 10. fxe4 Bxd4 11. Bxd4 Qxd4 12. Qe2 d6 13. Rd1 Qb6 14. Nd5
Qxb2 15. O-O Be6 16. Kh1 Bxd5 17. exd5 Ne5 18. Rb1 Qd4 19. Bb3 Rfc8 20. Rbd1
Qh4 21. Qe3 Qxh2+ 0-1

[Event "Glenco Chess Kandidat 2014"]
[Site "Fredericia"]
[Date "2014.05.25"]
[Round "4"]
[White "Andersen, Lars Ren"]
[Black "Vovk, Oksana"]
[Result "1/2-1/2"]
[WhiteElo "2123"]
[BlackElo "2059"]
[PlyCount "184"]
[EventDate "2014.??.??"]



1. e4 e6 2. d4 d5 3. Nc3 Nf6 4. e5 Nfd7 5. f4 c5 6. Nf3 Nc6 7. Be3 cxd4 8. Nxd4
Bc5 9. Qd2 a6 10. Be2 O-O 11. O-O Qc7 12. Rad1 b5 13. Bf3 Nxd4 14. Bxd4 b4 15.
Ne2 a5 16. c4 bxc3 17. Qxc3 Bxd4+ 18. Rxd4 Qb6 19. Rfd1 Ba6 20. Ng3 Rfc8 21.
Qe3 Rc4 22. b3 Rxd4 23. Rxd4 Rc8 24. h3 Qc5 25. Kh2 Rb8 26. Qg1 Rb4 27. Rxb4
axb4 28. Qxc5 Nxc5 29. Be2 Bd3 30. Bxd3 Nxd3 31. Ne2 f6 32. exf6 gxf6 33. Kg3
Kf7 34. Kf3 e5 35. Ke3 Nxf4 36. Nxf4 exf4+ 37. Kd4 Ke6 38. h4 h5 39. Kc5 Ke5
40. Kxb4 d4 41. a4 Ke4 42. a5 d3 43. a6 d2 44. a7 d1=Q 45. a8=Q+ Ke3 46. Qe8+
Kf2 47. Qg6 Qg4 48. Qe4 f5 49. Qc2+ Kg3 50. Ka5 Kxh4 51. b4 Kg5 52. b5 f3 53.
Qd2+ Kg6 54. Qd6+ Kg5 55. gxf3 Qxf3 56. b6 h4 57. Qe7+ Kg4 58. b7 Qd5+ 59. Ka4
Qc6+ 60. Ka5 Qd5+ 61. Kb6 Qb3+ 62. Kc7 Qc4+ 63. Kb6 Qb3+ 64. Kc6 Qc4+ 65. Qc5
Qe6+ 66. Kb5 Qe8+ 67. Qc6 Qe5+ 68. Ka6 h3 69. Qa4+ Kg3 70. Qb3+ Kg2 71. b8=Q
Qxb8 72. Qxb8 h2 73. Qg8+ Kf2 74. Qd5 Kg1 75. Qd4+ Kg2 76. Qd2+ Kg1 77. Qe1+
Kg2 78. Qe2+ Kg1 79. Qe3+ Kg2 80. Qg5+ Kf2 81. Qxf5+ Kg1 82. Qg4+ Kh1 83. Qf3+
Kg1 84. Qd1+ Kg2 85. Qe2+ Kg1 86. Qe3+ Kg2 87. Qg5+ Kh1 88. Qc1+ Kg2 89. Qd2+
Kg1 90. Qe1+ Kg2 91. Qe2+ Kg1 92. Qg4+ Kh1 1/2-1/2

[Event "Glenco Chess Kandidat 2014"]
[Site "Fredericia"]
[Date "2014.05.25"]
[Round "4"]
[White "Vestergaard, Thomas Hauge"]
[Black "Kovshoj, Sune"]
[Result "1-0"]
[WhiteElo "1903"]
[BlackElo "2015"]
[PlyCount "117"]
[EventDate "2014.??.??"]



1. e4 c5 2. Nf3 d6 3. d4 cxd4 4. Nxd4 Nf6 5. Nc3 a6 6. Bc4 e6 7. Bb3 Nc6 8. O-O
Na5 9. Be3 Nxb3 10. axb3 e5 11. Nf3 Bg4 12. Na4 Rc8 13. c4 Be7 14. Bb6 Qd7 15.
Qd3 O-O 16. Rfd1 Qc6 17. Re1 Nh5 18. h3 Nf4 19. Qe3 Bh5 20. Nh2 f5 21. Nc3 Bg5
22. Qg3 Bh6 23. Be3 fxe4 24. Ng4 Bxg4 25. Qxg4 Kh8 26. g3 Nd3 27. Bxh6 gxh6 28.
Re2 e3 29. fxe3 Rg8 30. Qh4 Qf3 31. Kh2 Rcf8 32. Rg1 Rg5 33. Qe4 Qf5 34. Qxf5
Rgxf5 35. Ne4 Nc5 36. Nxd6 R5f6 37. b4 Rxd6 38. bxc5 Rd3 39. Kg2 Rc8 40. b4 Rb3
41. b5 axb5 42. cxb5 Rxb5 43. Rc1 Rbxc5 44. Rxc5 Rxc5 45. Rd2 Rc7 46. Kf3 Kg7
47. Ke4 Re7 48. Rd6 h5 49. h4 Kf8 50. Rh6 Ke8 51. Rxh5 Kd7 52. Rxe5 Rxe5+ 53.
Kxe5 h5 54. Kd5 Ke7 55. Kc5 Kd7 56. Kb6 Kd6 57. Kxb7 Ke5 58. Kc7 Ke4 59. Kd6
1-0

[Event "Glenco Chess Kandidat 2014"]
[Site "Fredericia"]
[Date "2014.05.25"]
[Round "4"]
[White "Topholm, Morten"]
[Black "Sorensen, Lars Desmond"]
[Result "1/2-1/2"]
[WhiteElo "2143"]
[BlackElo "2042"]
[PlyCount "43"]
[EventDate "2014.??.??"]



1. e4 e5 2. Bc4 Nf6 3. d3 Nc6 4. Nc3 Bc5 5. f4 d6 6. Nf3 a6 7. f5 Na5 8. a4
Nxc4 9. dxc4 Bb4 10. Bg5 Bxc3+ 11. bxc3 b6 12. c5 bxc5 13. a5 Bb7 14. Qd3 Bc6
15. c4 Rb8 16. O-O Rb4 17. Nd2 Qa8 18. Bxf6 gxf6 19. Rf3 Ke7 20. Rh3 h6 21. Rh4
Qb8 22. Nb3 1/2-1/2

[Event "Glenco Chess Kandidat 2014"]
[Site "Fredericia"]
[Date "2014.05.25"]
[Round "5"]
[White "Nielsen, Henning"]
[Black "Rendboe, John Filip"]
[Result "1/2-1/2"]
[WhiteElo "2024"]
[BlackElo "2171"]
[PlyCount "51"]
[EventDate "2014.??.??"]



1. e4 c5 2. Nf3 Nc6 3. Bb5 g6 4. Bxc6 dxc6 5. d3 Bg7 6. c3 e5 7. Qe2 Qe7 8. a4
Nf6 9. Nbd2 Bg4 10. a5 O-O 11. h3 Bxf3 12. Nxf3 Nd7 13. O-O Rfe8 14. Be3 Nf8
15. g3 Rad8 16. Kg2 Ne6 17. h4 f5 18. Bg5 Nxg5 19. Nxg5 h6 20. Nf3 Qd6 21. Rad1
f4 22. g4 Rf8 23. Rg1 Rf7 24. Kh2 Qc7 25. Ra1 Qd6 26. Rad1 1/2-1/2

[Event "Glenco Chess Kandidat 2014"]
[Site "Fredericia"]
[Date "2014.05.25"]
[Round "5"]
[White "Topholm, Morten"]
[Black "Andersen, Lars Ren"]
[Result "0-1"]
[WhiteElo "2143"]
[BlackElo "2123"]
[PlyCount "84"]
[EventDate "2014.??.??"]



1. e4 d6 2. d4 Nf6 3. Nc3 e5 4. Nge2 Nbd7 5. g3 Be7 6. Bg2 c6 7. a4 O-O 8. h3
b6 9. O-O a6 10. f4 Bb7 11. d5 cxd5 12. exd5 Re8 13. fxe5 Nxe5 14. Nd4 Rc8 15.
Nf5 Bf8 16. Bg5 h6 17. Nxh6+ gxh6 18. Bxf6 Qc7 19. Rf5 Qc5+ 20. Kh2 Qe3 21. Ne4
Rc4 22. Bxe5 Rxe4 23. Bc3 Qe2 24. Kg1 Rxa4 25. Qxe2 Rxa1+ 26. Qf1 Rxf1+ 27.
Kxf1 a5 28. Rf4 Ba6+ 29. Kf2 Bc8 30. h4 Bd7 31. Bf3 Bg7 32. Bh5 Rf8 33. Bf6 Bc8
34. Be7 Be5 35. Rf3 f6 36. Bxf8 Kxf8 37. Rb3 Bd4+ 38. Kf3 Bf5 39. Kf4 Bxc2 40.
Rf3 Bxb2 41. Rf2 Be5+ 42. Kg4 Bd1+ 0-1

[Event "Glenco Chess Kandidat 2014"]
[Site "Fredericia"]
[Date "2014.05.25"]
[Round "5"]
[White "Kovshoj, Sune"]
[Black "Vovk, Oksana"]
[Result "1-0"]
[WhiteElo "2015"]
[BlackElo "2059"]
[PlyCount "109"]
[EventDate "2014.??.??"]



1. e4 e6 2. d4 d5 3. Nd2 Nc6 4. c3 e5 5. exd5 Qxd5 6. Ngf3 exd4 7. Bc4 Qf5 8.
cxd4 Be6 9. O-O O-O-O 10. Bxe6+ fxe6 11. Nb3 Nf6 12. Be3 Bd6 13. Rc1 Qd5 14. a3
Ng4 15. Qc2 Rhf8 16. Qc4 Qxc4 17. Rxc4 h6 18. Re1 Rf5 19. Bc1 Rb5 20. Nbd2 Re8
21. Ne4 Bf8 22. Nc3 Rf5 23. b4 Nf6 24. Nh4 Rh5 25. Ng6 Bd6 26. Bf4 e5 27. dxe5
Nxe5 28. Nxe5 Bxe5 29. Rc5 Nd7 30. Rd5 Rf5 31. Bg3 c6 32. Rd3 Ref8 33. Ne4 Bxg3
34. Rxg3 Re5 35. Rxg7 Kc7 36. Rd1 Rxe4 37. Rdxd7+ Kb6 38. Rxb7+ Ka6 39. Rxa7+
Kb5 40. Rae7 Rd4 41. g3 Rd3 42. Re3 Rd2 43. f4 Rfd8 44. Rge7 Ra2 45. R7e5+ Kb6
46. Re2 Rxa3 47. Re6 Rc3 48. f5 Rf8 49. f6 Kb5 50. Rf2 Ra3 51. Rf4 Rb3 52. Re5+
Kb6 53. f7 Rxf7 54. Rxf7 Rxb4 55. Rf6 1-0